000 00293nam a22001217a 4500
008 190205b xxu||||| |||| 00| 0 eng d
041 _aeng
080 _a610
100 _a4
101 _aSHM
245 _aHealth and Medical Care in the US: A Critical Analysis
_cNavarro, V
942 _2udc
_cBK
999 _c53971
_d53971